000 01075cam a22002535a 4500
001 L138149
008 070518s2007 xxkaeo f 001 0 eng d
020 _a1844074617
_a9781844074617
035 _a(Sirsi) u138149
041 0 _aeng
050 0 4 _a696.9 $2 18
100 1 _aFalk, Antony
245 0 0 _aPhotovoltaics for professionals
_bsolar electric systems
_bmarketing, design and installation
260 _aLondon
_bEarthscan Publications Ltd
_c2007
300 _a215p.
_bill.
_c24cm.
350 _a45
520 _aDescribes the practicalities of marketing, designing and installing photovoltaic systems, both grid-tied and stand-alone. Answers beginners questions as well as giving designers and installers practical specialist knowledge and advice on how to avoid mistakes. Gives a comprehensive overview of the major photovoltaic market sectors.
590 _aKA
651 4 _aEngland and Wales
_y1543-
690 _aENVIRONMENTAL AND LAND CONSULTANCY-ENERGY-RENEWABLE ENERGY
700 1 _aDurschner, Christian
700 1 _aKarl-Heinz Remmers
942 _n0
999 _c107027
_d107027